|
|
|
|
| LEADER |
00000cam a2200000 7i4500 |
| 001 |
0000002534 |
| 005 |
20030724.0 |
| 090 |
0 |
0 |
|a FAO634.90959522
|b INV 1974
|
| 245 |
0 |
3 |
|a An INVENTORY of the mixed dipterocarp forests of Sarawak 1969-1972
|
| 260 |
0 |
0 |
|a Rome :
|b Food and Agriculture Organization of the United Nations ,
|c 1974
|
| 300 |
|
|
|a 131 p. :
|b ill., maps ;
|c 28 cm.
|
| 440 |
0 |
0 |
|a FO : DP/MAL/72/009, Technical report; 2
|
| 500 |
0 |
0 |
|a v.1 : Methodology, techniques and results
|
| 650 |
0 |
0 |
|a Forests and forestry
|z Sarawak
|x Surveying
|
| 710 |
1 |
1 |
|a Food and Agriculture Organization of the United Nations (FAO)
|
| 998 |
|
|
|a JPSM
|
| 999 |
|
|
|a 0000003796
|b Monograph
|c Food and Agriculture Organization
|e Default branch
|